| 000 | 01923nam a2200241 a 4500 | ||
|---|---|---|---|
| 001 | 000000169 | ||
| 003 | OSt | ||
| 005 | 20260321073636.0 | ||
| 008 | 081126s1986 dr r 001 0 spa d | ||
| 040 |
_aDO-SdBNP _bspa _cBNPHU |
||
| 082 |
_a972.9 _bB742d, 1986 |
||
| 100 | 1 |
_a Bosch, Juan, _d1909-2001 _976555 |
|
| 245 | 1 | 0 |
_aDe Cristóbal Colón a Fidel Castro : _bel Caribe, frontera imperial / _cJuan Bosch. |
| 250 | _a5a ed. | ||
| 260 |
_aSanto Domingo : _bAlfa & Omega, _c1986. |
||
| 300 |
_a740 p. ; _c21 cm. |
||
| 500 | _aIncluye índice de personas y lugares | ||
| 504 | _aBibliografía : p. 699-702 | ||
| 505 | 0 |
_tUnas palabras del autor -- _tUna frontera de cinco siglos -- _tEl escenario de la frontera -- _tIndios y españoles en los primeros años de la frontera imperial -- _tLa conquista del Caribe entre 1508 y 1526 -- _tLa conquista entre 1526-1584 -- _tSublevaciones de indios, africanos y españoles en el siglo XVI -- _tLas guerras de España en el siglo XVI -- _tContrabandistas, bucaneros y filibusteros -- _tEl siglo de la desmembración -- _tEl tiempo del espanto -- _tIntermedio europeo -- _tEl Caribe hasta la Paz de Utrecht -- _tLas guerras en el Caribe hasta la Paz de París (1763) -- _tLa revolución Norteamericana y sus resultados en el Caribe -- _tLa revolución francesa y su proyección en el Caribe -- _tEl tiempo de la libertad -- _tNacimiento de la República de Haití -- _tEn los umbrales de la gran conmoción -- _tLa guerra social venezolana -- _tLa independencia de los territorios españoles -- _t1821-1851. Los años de reajuste -- _tLos años de los episodios increíbles (1855-1861) -- _tLas luchas por la independencia de Cuba (1868-1898) -- _tEl siglo del imperio norteamericano -- _tLos años de las balas y de los dólares -- _tFidel Castro o la nueva etapa histórica del Caribe. |
|
| 651 | 0 |
_aCaribe (Región) _xHistoria _987401 |
|
| 910 | _aValidado. Control de calidad. MFF | ||
| 942 |
_2ddc _cLBS1 |
||
| 999 |
_c169 _d169 |
||